| 000 | 00828nas a2200253 4500 | ||
|---|---|---|---|
| 001 | BR2015005905 | ||
| 003 | BR-BrBNA | ||
| 005 | 20231205125821.0 | ||
| 007 | ta | ||
| 008 | 230509b bl.|||p| |||| 00| 00por d | ||
| 040 |
_aBR-BrBNA _bpor _cBiblioteca Nacional de Agricultura |
||
| 041 | _a(Pt) | ||
| 072 | _aB10; P40 | ||
| 100 | 1 | _aMartins Júnior, P.P. | |
| 100 | 1 | _aVasconcelos, V.V. | |
| 245 | 1 | _aGeociências agrárias e ambientais e o déficit hídrico | |
| 650 | _aDISPONIBILIDADE DE AGUA | ||
| 650 | _aDEFICIENCIA HIDRICA | ||
| 650 | _aBACIA HIDROGRAFICA | ||
| 650 | _aGEOGRAFIA | ||
| 773 | 0 |
_tInforme Agropecuário - Empresa de Pesquisa Agropecuária de Minas Gerais (Brazil) _xISSN 0100-3364 _g(2015), v. 36(285) p. 109-118 _wBR2015005905 |
|
| 909 |
_a202311 _bLúcia _c55 _dLúcia Elande |
||
| 942 |
_2AGRIS _n0 _cANA |
||
| 999 |
_c246315 _d246315 |
||